[Event "CAN-ch International"]
[Site "Longueuil"]
[Date "2019.10.13"]
[Round "5"]
[White "Tremblay, Alain"]
[Black "Khan Wazeer, Ahmad"]
[Result "1-0"]
[WhiteElo "2094"]
[BlackElo "1654"]
[PlyCount "66"]
[EventDate "2019.10.11"]
[EventType "swiss"]
[EventRounds "5"]
[EventCountry "CAN"]
[SourceTitle "CBM 192 Extra"]
[Source "Chessbase"]
[SourceDate "2019.11.06"]
[SourceVersion "1"]
[SourceVersionDate "2019.11.06"]
[SourceQuality "1"]

1. e4 d5 2. exd5 Nf6 3. Bb5+ Bd7 4. Be2 Nxd5 5. d4 c6 6. c4 Nb6 7. Nc3 Bf5 8. Nf3 Bg4 9. b3 e6 10. 0-0 N8d7 11. Be3 Nf6 12. h3 Bh5 13. a4 Bb4 14. Na2 Be7 15. Nc3 Bb4 16. Na2 Be7 17. Nc3 a5 18. Qd2 Bb4 19. Qb2 0-0 20. Na2 Ne4 21. Rfd1 Qf6 22. Qc2 Bg6 23. Bd3 Qf5 24. Nh4 Qh5 25. Nxg6 hxg6 26. Bxe4 f5 27. Bf3 Qh4 28. d5 Nxd5 29. cxd5 cxd5 30. Nxb4 axb4 31. Qc7 Kh7 32. Bd4 Qh6 33. Rac1 g5 1-0